Catalog

Record Details

Catalog Search



Available copies

  • 2 of 2 copies available at LARL/NWRL Consortium.

Current holds

0 current holds with 2 total copies.

Show Only Available Copies
Location Call Number / Copy Notes Barcode Shelving Location Status Due Date
Hallock Public Library 644.6 HAZ (Text) 35500004710214 Main Available -
Karlstad LINK Site 644.6 HAZ (Text) 35500004933329 Main Available -

Record details

  • ISBN: 9781558708983 (alk. paper)
  • ISBN: 1558708987 (alk. paper)
  • Physical Description: 239 p. : col. ill. ; 22 x 24 cm.
  • Edition: 1st ed.
  • Publisher: Cincinnati, Ohio : Betterway Home, c2009.

Content descriptions

General Note:
Includes index.
Enclosed wire-o binding.
Formatted Contents Note:
Basics -- Kitchens -- Bathrooms -- Outdoor -- ... Read More
Subject: Plumbing > Amateurs' manuals.
LDR 01150cam a22003014a 4500
001120751
003LARL_NWRL_CONSORTIUM
00520100603160149.0
008090213s2009 ohua f 001 0 eng
010 . ‡a2009006719
020 . ‡a9781558708983 (alk. paper)
020 . ‡a1558708987 (alk. paper)
035 . ‡a(OCoLC)299713787
037 . ‡a1302159 ‡bQBI
040 . ‡aDLC ‡cDLC ‡dQBX ‡dTOH ‡dDLC
08200. ‡a644/.6 ‡222
1001 . ‡aHazelton, Ron. ‡0(LARL_NWRL_CONSORTIUM)126947
24510. ‡aHome basics. ‡pPlumbing made easy / ‡cRon Hazelton.
24630. ‡aPlumbing made easy
250 . ‡a1st ed.
260 . ‡aCincinnati, Ohio : ‡bBetterway Home, ‡cc2009.
300 . ‡a239 p. : ‡bcol. ill. ; ‡c22 x 24 cm.
500 . ‡aIncludes index.
500 . ‡aEnclosed wire-o binding.
5050 . ‡aBasics -- Kitchens -- Bathrooms -- Outdoor -- Other plumbing.
650 0. ‡aPlumbing ‡vAmateurs' manuals. ‡0(LARL_NWRL_CONSORTIUM)166758
901 . ‡a120751 ‡bISxN ‡c120751 ‡tbiblio

Additional Resources